000 00909nam a22002057a 4500
003 OSt
005 20251006161406.0
008 240405b ||||| |||| 00| 0 eng d
040 _c0
082 _aDPer 621.381 Ie21 October 2022 v. 37 n. 10
100 _aNair, Sandeep V.
_eauthor.
_956171
245 _aAn unequal split dual three-phase PMSM with extended torque-speed characteristics for automotive application /
_cSandeep V. Nair, Kunal Layek, and Kamalesh Hatua.
260 _aNew York ;
_bThe Institute of Electrical and Electronics Engineers, Inc. ,
_cOctober 2022.
300 _aVolume 37, pages 12437-12449 :
_billustration ;
_c28 cm.
500 _aIEEE Transactions on Power Electronics, v. 37, n. 10, pages 12437-12449, October 2022.
700 _aNair, Sandeep V.
_eauthor.
_956171
700 _aLayek, Kunal.
_eauthor.
_956172
700 _aHatua, Kamalesh.
_eauthor.
_956173
942 _2ddc
_cPER
999 _c20046
_d20046